Statistics for Car Trim Badges 3

Click here to take the quiz!

General Stats

  • This quiz has been taken 45 times
  • The average score is 11 of 16

Answer Stats

Answer% Correct
Mercedes-Benz
97%
Nissan
97%
Ford
95%
Porsche
95%
Chevrolet
87%
Dodge
85%
Honda
82%
Pontiac
74%
Peugeot
72%
Ferrari
69%
Toyota
69%
MG
56%
Volvo
51%
Oldsmobile
46%
GMC
41%
Aston Martin
31%

Score Distribution

Percentile by Number Answered

Percent of People with Each Score

Your Score History

You have not taken this quiz